Dodavatelsko-odběratelské vztahy ve vnitřním obchodě učební text pro kurs řídících pracovníků

Gespeichert in:
Bibliographische Detailangaben
1. Verfasser: Škaloud, Miroslav
Format: Buch
Sprache:Tschechisch
Veröffentlicht: Praha Merkur 1976
Tags: Tag hinzufügen
Keine Tags, Fügen Sie das erste Tag hinzu!

MARC

LEADER 00000nam a2200000 4500
001 c120271
005 20041019155216.5
041 0 |a cze 
044 |a CZ 
245 1 0 |a Dodavatelsko-odběratelské vztahy ve vnitřním obchodě  |b učební text pro kurs řídících pracovníků  |c Miroslav Škaloud 
264 1 |a Praha  |b Merkur  |c 1976 
300 |a 87 s. 
100 1 |a Škaloud, Miroslav